LDR 01044naa#a2200217#i#450# 001 RU\\bibl\120627 005 20260630062114.2 011 ## _a2077-7566 100 ## _a20260629b2026####ek#y0rusy0150####ca 101 0# _aRUS 102 ## _aRU 200 1# _aПОСТИМПЛАНТАЦИОННЫЕ ОСЛОЖНЕНИЯ У ПАЦИЕНТОВ С ХРОНИЧЕСКОЙ СЕРДЕЧНОЙ НЕДОСТАТОЧНОСТЬЮ _eЖурнальная статья 210 1# _aЕкатеринбург _cИздательский Дом «ТИРАЖ» _d2026 215 ## _a8 с. 608 ## _aЖурнальная статья _2local 675 ## _aХирургия зубов. Оперативная техника. Хирургическая одонтология. 616.314-089 _zRUS 686 ## _aКлиническая медицина. 76.29 _2grnti 700 #1 _aРемизова _gАнна Александровна 700 #1 _aКесаева _gГалина Айтеговна 700 #1 _aДзагурова _gЛариса Абисаловна 856 4# _adental-press.ru _u